|
|
|
|
| LEADER |
00000nam a2200000 4500 |
| 001 |
vtls012070804 |
| 003 |
SK-MaSNL |
| 005 |
20260302061840.0 |
| 008 |
210928s2021 xo odabfrnp 000 0 slo |
| 015 |
|
|
|a SNBA2021/12
|
| 020 |
|
|
|a 9788055338828
|q (viazané)
|
| 040 |
|
|
|a SNK
|b slo
|c SNK
|e rda
|
| 041 |
0 |
|
|a slo
|
| 044 |
|
|
|a xo
|c SK
|
| 072 |
|
7 |
|a 338.3/.4
|x Hospodárske a výrobné odvetvia
|2 konspekt
|2 konspekt
|
| 072 |
|
7 |
|a 37.016
|x Učebné osnovy. Vyučovacie predmety. Učebnice
|2 konspekt
|
| 080 |
|
|
|a 796:55
|2 2011
|
| 080 |
|
|
|a 502.21(1-751.6)
|2 2011
|
| 080 |
|
|
|a (075.8)
|2 2011
|
| 080 |
|
|
|a 338.48
|2 2011
|
| 100 |
1 |
|
|a Štrba, Ľubomír,
|d 1983-
|4 aut
|9 212536
|
| 245 |
1 |
0 |
|a Geoturizmus
|c Ľubomír Štrba a kol.
|
| 250 |
|
|
|a 1. vydanie
|
| 264 |
|
1 |
|a Košice
|b Edičné stredisko Fakulta BERG
|c 2021
|
| 300 |
|
|
|a 220 strán
|b farebné fotografie, grafy, farebné ilustrácie, mapy, schémy, tabuľky
|c 25 cm
|
| 336 |
|
|
|a text
|b txt
|2 rdacontent
|
| 337 |
|
|
|a bez média
|b n
|2 rdamedia
|
| 338 |
|
|
|a zväzok
|b nc
|2 rdacarrier
|
| 366 |
|
|
|e 100 kusov
|
| 504 |
|
|
|a Obsahuje bibliografiu
|
| 650 |
0 |
7 |
|a geoturizmus
|2 SNKPH
|9 4203
|
| 650 |
0 |
7 |
|a Tourism
|2 SNKPHeng
|9 266335
|
| 650 |
0 |
7 |
|a geoparky
|2 SNKPH
|9 99989
|
| 650 |
0 |
7 |
|a Geoparks
|2 SNKPHeng
|9 493296
|
| 650 |
0 |
7 |
|a cestovný ruch
|2 SNKPH
|9 999
|
| 655 |
|
7 |
|a učebnice vysokých škôl
|2 SNKPH
|9 70191
|
| 655 |
|
7 |
|a Textbooks (higher)
|2 SNKPHeng
|9 276436
|
| 700 |
1 |
|
|a Kršák, Branislav,
|d 1978-
|4 aut
|9 242751
|
| 700 |
1 |
|
|a Baláž, Bartolomej,
|d 1954-
|4 aut
|9 11570
|
| 700 |
1 |
|
|a Kolačkovská, Jana
|4 aut
|9 721115
|
| 700 |
1 |
|
|a Lukáč, Marián
|4 aut
|9 353191
|
| 700 |
1 |
|
|a Molokáč, Mário
|4 aut
|9 353184
|
| 710 |
2 |
|
|a Technická univerzita v Košiciach.
|b Fakulta baníctva, ekológie, riadenia a geotechnológií
|4 pbl
|9 34908
|
| 919 |
|
|
|a 978-80-553-3882-8
|
| 958 |
|
|
|a NB
|
| 999 |
|
|
|c 1127021
|d 1128951
|
| 952 |
|
|
|a SNK
|b SNK
|y PREZ
|7 0
|p 17A1459730
|o snkSC 194453
|i snk2021/14032
|8 0
|0 0
|1 0
|4 0
|d 2021-09-28
|f 1
|l 0
|r 2025-10-14 00:00:00
|w 2026-02-24
|
| 952 |
|
|
|a SNK
|b SNK
|y VYP
|7 0
|p 17A1459719
|o snkSC 194453 D1
|i snk2021/14033
|8 0
|0 0
|1 0
|4 0
|d 2021-09-28
|l 0
|r 2026-02-24 18:49:55
|w 2026-02-24
|